Amargo y cruel

Gardado en:
Detalles Bibliográficos
Autor Corporativo: Grupo Parlamentario Británico de Derechos Humanos
Formato: Texto
Publicado: San José: Polémica- separata
Etiquetas: Engadir etiqueta
Sen Etiquetas, Sexa o primeiro en etiquetar este rexistro!

MARC

LEADER 00000 a a2200000 04500
001 13981
003
040
090 |a EXTRAVIADO  
110 |a Grupo Parlamentario Británico de Derechos Humanos  
245 |a Amargo y cruel  
260 |a San José:   |b Polémica- separata  
300 |a 54 p.  
999 |c 5660  |d 5660